000 00326nam a2200133Ia 4500
005 20251222140105.0
008 251222s1900||||xx |||||||||||||| ||spa||
020 _a0819162382
082 _a212.4/M12
100 _aMcLean, George F.
245 0 _aPerson and god
264 _bInternational Society for Metaphsics
942 _cLIB
999 _c4070
_d4070